[Event "CRO-ch U13 Girls"]
[Site "Trogir"]
[Date "2019.06.20"]
[Round "6"]
[White "Smetisko, Renata"]
[Black "Kovac, Petra"]
[Result "1/2-1/2"]
[WhiteElo "1190"]
[BlackElo "1398"]
[PlyCount "128"]
[EventDate "2019.06.17"]
[EventType "swiss"]
[EventRounds "9"]
[EventCountry "CRO"]
[SourceTitle "EXT 2020"]
[Source "ChessBase"]
[SourceDate "2019.10.17"]
[SourceVersion "1"]
[SourceVersionDate "2019.10.17"]
[SourceQuality "1"]

1. e4 e5 2. Nf3 Nc6 3. Nc3 Bc5 4. Bc4 Nf6 5. d3 0-0 6. Bg5 Bb4 7. 0-0 Bxc3 8. bxc3 d6 9. d4 Bg4 10. Qd3 Na5 11. dxe5 dxe5 12. Nxe5 Qxd3 13. Bxd3 Be6 14. Bxf6 gxf6 15. Nf3 Nc6 16. Rab1 b6 17. c4 Kh8 18. Nh4 Ne7 19. Rfe1 Rae8 20. h3 Rg8 21. Kh2 Nc8 22. e5 fxe5 23. Rxe5 c5 24. Rbe1 Rd8 25. Rh5 Rg7 26. Nf5 Bxf5 27. Bxf5 Rdg8 28. g4 Nd6 29. Bd3 Ne8 30. f4 Nc7 31. g5 Re8 32. Rxe8+ Nxe8 33. f5 f6 34. g6 Kg8 35. gxh7+ Rxh7 36. Rxh7 Kxh7 37. Kg3 Kg7 38. Kg4 Kh7 39. Kf4 Nd6 40. Be2 Kh6 41. Bd3 Kh5 42. Kg3 Kg5 43. h4+ Kh5 44. Be2+ Kh6 45. Kf4 Kg7 46. Bd3 Kh6 47. Kg4 Ne8 48. Be4 Nd6 49. Bd5 Ne8 50. Be4 Nd6 51. Bd3 Ne8 52. Be2 Nd6 53. Kf4 Kg7 54. h5 Kh7 55. Kf3 Kh6 56. Kf4 Kg7 57. a4 Kh6 58. Bg4 Kg7 59. Be2 Kh6 60. Bg4 Kg7 61. Be2 Kh6 62. Bd3 Kxh5 63. Be2+ Kh6 64. Bd3 Kh5 1/2-1/2